000 00679nam a2200193Ia 4500
008 000000[1990?] au a 0000000000cat00
090 _aPSP00 P35a
100 1 _aPina, Adriá
_d1959
245 1 0 _aAdriá Pina
_b: ciutats = ciudades
300 _a35 p.
_c/ 31 cm.
500 _aTexto bilingue: catalán y español \ Con el patronazgo del maestro venezolano Jesús Rafael Soto (q.e.p.d.)
600 0 0 _aPINA, ADRIA,1959/
_xTRABAJOS PICTORICOS
650 1 4 _aARTE CONTEMPORANEO ESPAÑOL
650 1 4 _xCATALOGOS
650 1 4 _aPINTORES ESPAÑOLES
650 1 4 _aPINTURA ESPAÑOLA
999 _c2185
_d2185
260 _aViena (Austria) : [s.n.]
_c1990